[Event "Women's Speed Chess Main"]
[Site "chess.com INT"]
[Date "2021.07.01"]
[Round "3.31"]
[White "Lagno, Kateryna"]
[Black "Harika, Dronavalli"]
[Result "0-1"]
[WhiteTitle "GM"]
[BlackTitle "GM"]
[WhiteElo "2558"]
[BlackElo "2515"]
[WhiteFideId "14109336"]
[BlackFideId "5015197"]
[EventDate "2021.06.12"]

1. e4 Nc6 2. Nf3 d6 3. d4 g6 4. Nc3 Bg7 5. Be3 Nf6 6. Qd2 Ng4 7. Bg5 h6 8. Bh4
O-O 9. h3 Nf6 10. Bd3 e5 11. dxe5 Nxe5 12. Nxe5 dxe5 13. O-O c6 14. Qe2 Qe8 15.
a4 Nh5 16. Bg3 Nxg3 17. fxg3 Be6 18. Bc4 Kh7 19. a5 Qe7 20. Bxe6 Qxe6 21. Qe3 f5
22. exf5 gxf5 23. Rae1 Qg6 24. Kh2 Rf7 25. Na4 Raf8 26. Qxa7 f4 27. Qf2 fxg3+ 0-1

[Event "Women's Speed Chess Main"]
[Site "chess.com INT"]
[Date "2021.07.01"]
[Round "3.32"]
[White "Harika, Dronavalli"]
[Black "Lagno, Kateryna"]
[Result "1-0"]
[WhiteTitle "GM"]
[BlackTitle "GM"]
[WhiteElo "2515"]
[BlackElo "2558"]
[WhiteFideId "5015197"]
[BlackFideId "14109336"]
[EventDate "2021.06.12"]

1. Nf3 Nf6 2. g3 g6 3. b3 Bg7 4. Bb2 d6 5. d4 c5 6. Bg2 cxd4 7. Nxd4 h5 8. h4 d5
9. O-O O-O 10. Na3 e5 11. Nf3 e4 12. Ng5 Qe7 13. c4 Rd8 14. cxd5 Bf5 15. Nc4
Rxd5 16. Qc1 Rd8 17. Ba3 Qc7 18. Ne3 Nc6 19. Nxf5 gxf5 20. Bb2 Rac8 21. Bh3 Ne7
22. Qxc7 Rxc7 23. Rac1 Rxc1 24. Rxc1 Rd2 25. Ba3 Nc6 26. Bc5 Rxa2 27. b4 a6 28.
Bxf5 Rxe2 29. Rd1 Rb2 30. Bd7 Nxd7 31. Rxd7 Bc3 32. Rxb7 Bxb4 33. Bxb4 Rxb4 34.
Rxf7 a5 35. Rc7 Rb6 36. Rc8+ Kg7 37. Ra8 Rb1+ 38. Kg2 Ra1 39. Nxe4 a4 40. Ra6
Nb4 41. Ra7+ Kg6 42. Nc3 a3 43. Ra4 Nc2 44. Nb5 Rb1 45. Nxa3 Ra1 46. Ra6+ Kf7
47. Ra7+ Kg6 48. Nb5 Rxa7 49. Nxa7 Nd4 50. Nc8 Ne6 51. Nb6 Kf5 52. Nd5 Ke5 53.
Ne3 Ke4 54. Nf1 Kf5 55. Nh2 Ke4 56. Nf3 Kf5 57. Nd2 Ke5 58. Nf1 Kf5 59. Ne3+ Ke4
60. Nc4 Kf5 61. Nd6+ Ke5 62. Nf7+ Kf6 63. Ng5 Nxg5 64. hxg5+ Kxg5 65. Kh3 Kg6
66. Kh4 Kh6 67. f3 Kg6 68. f4 Kh6 69. f5 1-0

[Event "Women's Speed Chess Main"]
[Site "chess.com INT"]
[Date "2021.07.01"]
[Round "3.33"]
[White "Lagno, Kateryna"]
[Black "Harika, Dronavalli"]
[Result "1-0"]
[WhiteTitle "GM"]
[BlackTitle "GM"]
[WhiteElo "2558"]
[BlackElo "2515"]
[WhiteFideId "14109336"]
[BlackFideId "5015197"]
[EventDate "2021.06.12"]

1. e4 Nc6 2. Nf3 d6 3. d4 g6 4. Nc3 Bg7 5. Be3 e5 6. dxe5 Nxe5 7. h3 Nxf3+ 8.
Qxf3 Ne7 9. Bc4 O-O 10. Qe2 Nc6 11. O-O Ne5 12. Bb3 c6 13. Rad1 Qe7 14. f4 Nd7
15. Qd2 Nc5 16. Qxd6 Qxd6 17. Rxd6 Bxc3 18. Bxc5 Bxb2 19. Rd3 Re8 20. c3 b6 21.
Bd6 Ba6 22. c4 c5 23. e5 Bd4+ 24. Kh2 Bb7 25. g3 h5 26. g4 hxg4 27. hxg4 Kg7 28.
Kg3 Rh8 29. f5 Be4 30. Rd2 Rae8 31. Kf4 Bc6 32. f6+ Kg8 33. Bc2 Bd7 34. Be4 Be6
35. Bd5 Rh4 36. Rg2 Bc3 37. a4 Bd4 38. Rb1 Kh7 39. a5 Kh6 40. axb6 axb6 41. Rxb6
g5+ 42. Ke4 Kg6 43. Bxe6 Rxe6 44. Rb8 Rh3 45. Rg8+ Kh7 46. Rxg5 Re3+ 47. Kd5 Rd3
48. Rh2+ 1-0

[Event "Women's Speed Chess Main"]
[Site "chess.com INT"]
[Date "2021.07.01"]
[Round "3.34"]
[White "Harika, Dronavalli"]
[Black "Lagno, Kateryna"]
[Result "0-1"]
[WhiteTitle "GM"]
[BlackTitle "GM"]
[WhiteElo "2515"]
[BlackElo "2558"]
[WhiteFideId "5015197"]
[BlackFideId "14109336"]
[EventDate "2021.06.12"]

1. Nf3 Nf6 2. g3 g6 3. b3 Bg7 4. Bb2 O-O 5. Bg2 d5 6. c4 dxc4 7. bxc4 c5 8. O-O
Nc6 9. d3 Qc7 10. Nbd2 Rd8 11. Rb1 b6 12. Qc1 Bb7 13. Bc3 e5 14. Qb2 Nd4 15. e3
Ne2+ 16. Kh1 Nxc3 17. Qxc3 e4 18. dxe4 Nxe4 19. Qc2 Qe7 20. Rbd1 Nc3 21. Rde1 f5
22. e4 Nxe4 23. Ng1 Rxd2 24. Rxe4 Rxc2 25. Rxe7 Bxg2+ 26. Kxg2 Rxc4 27. Nf3 Re4
28. Rb7 c4 29. Rd1 c3 30. Rdd7 Bf6 31. Rbc7 b5 32. Rf7 Rc4 33. Rb7 c2 34. Ng5
c1=Q 35. Nxh7 Bb2 36. Nf6+ Bxf6 37. Rxf6 Rc7 38. Rxg6+ Kf7 39. Rxc7+ Qxc7 40.
Rg5 Qc4 41. h4 Qxa2 42. Rxf5+ Ke6 43. Rf4 a5 44. Re4+ Kd5 45. Rf4 Qb1 46. h5 a4
47. h6 a3 48. Rf3 a2 49. Rf7 a1=Q 50. h7 Qh1# 0-1

[Event "Women's Speed Chess Main"]
[Site "chess.com INT"]
[Date "2021.07.01"]
[Round "3.35"]
[White "Lagno, Kateryna"]
[Black "Harika, Dronavalli"]
[Result "1-0"]
[WhiteTitle "GM"]
[BlackTitle "GM"]
[WhiteElo "2558"]
[BlackElo "2515"]
[WhiteFideId "14109336"]
[BlackFideId "5015197"]
[EventDate "2021.06.12"]

1. e4 b6 2. d4 Bb7 3. Bd3 e6 4. Nf3 Nf6 5. Qe2 d5 6. e5 Nfd7 7. c3 Qc8 8. a4 Ba6
9. a5 Bxd3 10. Qxd3 Qb7 11. h4 h6 12. h5 c5 13. Rh4 Nc6 14. axb6 Nxb6 15. dxc5
Bxc5 16. Rg4 Bf8 17. Na3 a6 18. Nc2 Nd7 19. Qe2 Qc7 20. Rxa6 Rxa6 21. Qxa6 Ncxe5
22. Qa8+ Qd8 23. Ra4 Nxf3+ 24. gxf3 Be7 25. Qxd8+ Bxd8 26. f4 O-O 27. Be3 Nf6
28. b4 Nxh5 29. b5 Nf6 30. b6 Nd7 31. b7 Bc7 32. Ra8 Bb8 33. Nb4 h5 34. Nc6 h4
35. Kf1 g5 36. fxg5 h3 37. Bc5 Re8 38. Ba7 h2 39. Kg2 Kg7 40. Nxb8 Rh8 41. Kh1
Ne5 42. Bd4 f6 43. gxf6+ Kf7 44. Bxe5 1-0

[Event "Women's Speed Chess Main"]
[Site "chess.com INT"]
[Date "2021.07.01"]
[Round "3.36"]
[White "Harika, Dronavalli"]
[Black "Lagno, Kateryna"]
[Result "1-0"]
[WhiteTitle "GM"]
[BlackTitle "GM"]
[WhiteElo "2515"]
[BlackElo "2558"]
[WhiteFideId "5015197"]
[BlackFideId "14109336"]
[EventDate "2021.06.12"]

1. c4 Nf6 2. Nc3 g6 3. e4 d6 4. g3 Bg7 5. Bg2 e5 6. d3 O-O 7. Nge2 c6 8. O-O Na6
9. h3 Nh5 10. Kh2 Nc5 11. f4 exf4 12. Nxf4 Nxf4 13. Bxf4 Ne6 14. Be3 Nd4 15. Ne2
Nxe2 16. Qxe2 c5 17. Qd2 Be6 18. Bh6 Qe7 19. Bxg7 Kxg7 20. b3 f6 21. d4 b6 22.
Rad1 Rad8 23. Rf2 Bc8 24. Qf4 Bb7 25. Rfd2 Rfe8 26. h4 Bxe4 27. dxc5 bxc5 28.
Re1 f5 29. Rde2 d5 30. cxd5 Rxd5 31. Bxe4 Rd4 32. Bf3 1-0

[Event "Women's Speed Chess Main"]
[Site "chess.com INT"]
[Date "2021.07.01"]
[Round "3.37"]
[White "Lagno, Kateryna"]
[Black "Harika, Dronavalli"]
[Result "1-0"]
[WhiteTitle "GM"]
[BlackTitle "GM"]
[WhiteElo "2558"]
[BlackElo "2515"]
[WhiteFideId "14109336"]
[BlackFideId "5015197"]
[EventDate "2021.06.12"]

1. e4 d6 2. d4 g6 3. Nc3 Bg7 4. Be3 a6 5. Nf3 Nf6 6. Qd2 O-O 7. h3 Nc6 8. d5 Nb8
9. O-O-O c6 10. Bh6 b5 11. Bxg7 Kxg7 12. dxc6 Nxc6 13. Qe3 Qa5 14. Kb1 Be6 15.
Nd5 Nb4 16. Nxb4 Qxb4 17. Nd4 Nd7 18. Nc6 Qa4 19. b3 Qa3 20. Nxe7 Nc5 21. Qc3+
f6 22. f3 Rf7 23. Nd5 Bxd5 24. Rxd5 Na4 25. Qd4 Rc8 26. bxa4 bxa4 27. Bd3 Rb8+
28. Ka1 Rfb7 29. Rxd6 Rb2 30. Qxf6+ Kh6 31. Qh4+ Kg7 32. Rd7+ Kf8 33. Qf6+ Ke8
34. Qf7# 1-0

[Event "Women's Speed Chess Main"]
[Site "chess.com INT"]
[Date "2021.07.01"]
[Round "3.38"]
[White "Harika, Dronavalli"]
[Black "Lagno, Kateryna"]
[Result "1/2-1/2"]
[WhiteTitle "GM"]
[BlackTitle "GM"]
[WhiteElo "2515"]
[BlackElo "2558"]
[WhiteFideId "5015197"]
[BlackFideId "14109336"]
[EventDate "2021.06.12"]

1. c4 Nf6 2. Nc3 g6 3. e4 e5 4. g3 Bg7 5. Bg2 O-O 6. Nge2 c6 7. O-O Na6 8. h3
Nc5 9. d3 d6 10. Kh2 Nh5 11. f4 exf4 12. Nxf4 Nxf4 13. Bxf4 f5 14. Qd2 fxe4 15.
Nxe4 Nxe4 16. dxe4 Be6 17. Bxd6 Rxf1 18. Rxf1 Bxc4 19. Rf2 Bxa2 20. e5 Be6 21.
h4 Qd7 22. Qg5 Bg4 23. Bf1 Re8 24. Bc4+ Be6 25. Bxe6+ Qxe6 26. Re2 Qf5 27. Qe3
a6 28. b4 Qe6 29. Qc5 Bf8 30. Rd2 Bg7 31. Re2 h5 32. Qb6 Qd7 33. Qc5 Qf7 34. Rf2
Qe6 35. Re2 Kh7 36. Qb6 Qd7 37. Qc5 Qf7 38. Rf2 Qe6 39. Re2 Qd7 40. Rf2 Qe6 41.
Re2 Qd7 42. Rf2 Qe6 1/2-1/2

[Event "Women's Speed Chess Main"]
[Site "chess.com INT"]
[Date "2021.07.01"]
[Round "3.39"]
[White "Lagno, Kateryna"]
[Black "Harika, Dronavalli"]
[Result "0-1"]
[WhiteTitle "GM"]
[BlackTitle "GM"]
[WhiteElo "2558"]
[BlackElo "2515"]
[WhiteFideId "14109336"]
[BlackFideId "5015197"]
[EventDate "2021.06.12"]

1. e4 d6 2. d4 g6 3. Nc3 Bg7 4. Be3 a6 5. Nf3 Nf6 6. Bd3 O-O 7. Qd2 Nc6 8. d5
Nb8 9. O-O c6 10. h3 b5 11. a3 Bb7 12. dxc6 Nxc6 13. Rfd1 Rc8 14. Ne2 Nd7 15.
Ng3 Nde5 16. Nxe5 Nxe5 17. Bh6 Nxd3 18. Bxg7 Kxg7 19. cxd3 Qb6 20. Rac1 h6 21.
h4 Rxc1 22. Rxc1 e5 23. h5 Rc8 24. Rxc8 Bxc8 25. Qc3 Be6 26. b4 Qb7 27. hxg6
fxg6 28. Nf1 Qb6 29. Ne3 h5 30. g3 Bf7 31. Kg2 Qb7 32. f4 Qe7 33. Kf3 Qf6 34. d4
exd4 35. Qd3 dxe3 36. Qxe3 Be6 37. Qb6 Bg4+ 38. Kf2 Qb2+ 39. Kg1 Qc1+ 40. Kf2
Qc2+ 41. Kg1 Qd1+ 42. Kf2 Qd2+ 43. Kg1 Qe1+ 44. Kg2 Qe2+ 45. Kg1 Bf3 46. Qd4+
Kh7 0-1

[Event "Women's Speed Chess Main"]
[Site "chess.com INT"]
[Date "2021.07.01"]
[Round "3.310"]
[White "Harika, Dronavalli"]
[Black "Lagno, Kateryna"]
[Result "0-1"]
[WhiteTitle "GM"]
[BlackTitle "GM"]
[WhiteElo "2515"]
[BlackElo "2558"]
[WhiteFideId "5015197"]
[BlackFideId "14109336"]
[EventDate "2021.06.12"]

1. Nf3 Nf6 2. g3 g6 3. b3 Bg7 4. Bb2 c5 5. Bg2 O-O 6. O-O Nc6 7. c4 d5 8. cxd5
Qxd5 9. d3 Qd6 10. Nbd2 b6 11. Rc1 Bb7 12. Nc4 Qd7 13. a3 Rac8 14. Qe1 Rfd8 15.
b4 cxb4 16. axb4 Nd5 17. Bxg7 Kxg7 18. b5 Ncb4 19. Rb1 a5 20. bxa6 Bxa6 21. Rxb4
Nxb4 22. Qxb4 Bxc4 23. dxc4 Qd6 24. Qb2+ f6 25. Qb3 Qe6 26. h4 Rxc4 27. Qb2 h5
28. Rb1 Rd6 29. Kh2 Qf5 30. e3 Rc2 31. e4 Rxb2 32. exf5 Rxb1 33. fxg6 b5 0-1

[Event "Women's Speed Chess Main"]
[Site "chess.com INT"]
[Date "2021.07.01"]
[Round "3.311"]
[White "Lagno, Kateryna"]
[Black "Harika, Dronavalli"]
[Result "1/2-1/2"]
[WhiteTitle "GM"]
[BlackTitle "GM"]
[WhiteElo "2558"]
[BlackElo "2515"]
[WhiteFideId "14109336"]
[BlackFideId "5015197"]
[EventDate "2021.06.12"]

1. e4 d6 2. d4 g6 3. Nc3 Bg7 4. Nf3 a6 5. a4 Nf6 6. Be2 O-O 7. O-O Nc6 8. Be3 e5
9. h3 Re8 10. dxe5 Nxe5 11. Nxe5 dxe5 12. Qxd8 Rxd8 13. Rfd1 Be6 14. a5 Bf8 15.
f3 Nd7 16. Na4 f6 17. Kf2 Kf7 18. b3 Be7 19. Bc4 Nf8 20. Nc5 Bxc4 21. bxc4 Bxc5
22. Bxc5 Ne6 23. Be3 Rxd1 24. Rxd1 Ke8 25. Rb1 Nd8 26. h4 Kd7 27. h5 Nc6 28. Bd2
Rb8 29. Bc3 Kc8 30. hxg6 hxg6 31. Rh1 Kd7 32. Rh7+ Ke6 33. Rxc7 g5 34. Ke2 Kd6
35. Rf7 Ke6 36. Rh7 b6 37. axb6 Rxb6 38. Kd3 a5 39. c5 Rb1 40. Rc7 Nb4+ 41. Bxb4
axb4 42. Rb7 Rd1+ 43. Kc4 Rd4+ 44. Kb5 Rd2 45. Kxb4 Rxc2 46. Rb6+ Ke7 47. g4 Rf2
48. Rb7+ Kd8 49. Kb5 Rxf3 50. c6 Rb3+ 51. Ka6 Ra3+ 52. Kb6 Rb3+ 53. Kc5 Rd3 54.
Rf7 Re3 55. Kd6 Rd3+ 56. Ke6 Rd4 57. Rxf6 Rxe4 58. Rf7 Rxg4 59. Kxe5 Kc8 60. Kd6
Rd4+ 61. Kc5 Rd1 62. Rg7 Rc1+ 63. Kd6 Rd1+ 64. Kc5 Rc1+ 65. Kd6 Rd1+ 66. Kc5 1/2-1/2

[Event "Women's Speed Chess Main"]
[Site "chess.com INT"]
[Date "2021.07.01"]
[Round "3.312"]
[White "Harika, Dronavalli"]
[Black "Lagno, Kateryna"]
[Result "1-0"]
[WhiteTitle "GM"]
[BlackTitle "GM"]
[WhiteElo "2515"]
[BlackElo "2558"]
[WhiteFideId "5015197"]
[BlackFideId "14109336"]
[EventDate "2021.06.12"]

1. Nf3 Nf6 2. g3 g6 3. b3 Bg7 4. Bb2 c5 5. Bg2 Nc6 6. O-O d5 7. c4 dxc4 8. bxc4
O-O 9. d3 Qc7 10. Nc3 b6 11. Rc1 Bb7 12. Nd5 Qd8 13. Nxf6+ exf6 14. Nd2 f5 15.
Bxg7 Kxg7 16. Nb1 Re8 17. Nc3 Qd7 18. Nd5 Ne7 19. e4 Nxd5 20. cxd5 Rad8 21. Qc2
Qd6 22. a4 Qe5 23. f4 Qd4+ 24. Kh1 Ba6 25. Rfd1 h5 26. h4 Qe3 27. Kh2 c4 28.
dxc4 fxe4 29. Re1 Qc5 30. Rxe4 Rxe4 31. Qxe4 Rc8 32. Qe5+ Kg8 33. f5 gxf5 34.
Qxf5 Qe3 35. Rf1 Rf8 36. Rf4 Qe7 37. Be4 f6 38. Qxh5 Bc8 39. Bf5 Bxf5 40. Qxf5
Qe2+ 41. Kh3 Kf7 42. Qh7+ Ke8 43. Re4+ 1-0

[Event "Women's Speed Chess Main"]
[Site "chess.com INT"]
[Date "2021.07.02"]
[Round "3.11"]
[White "Hou, Yifan"]
[Black "Lei, Tingjie"]
[Result "1-0"]
[WhiteTitle "GM"]
[BlackTitle "GM"]
[WhiteElo "2658"]
[BlackElo "2505"]
[WhiteFideId "8602980"]
[BlackFideId "8605114"]
[EventDate "2021.06.12"]

1. e4 e5 2. Nf3 Nc6 3. Bb5 Nf6 4. O-O Nxe4 5. d4 Nd6 6. Bxc6 dxc6 7. dxe5 Nf5 8.
Qxd8+ Kxd8 9. Nc3 Ke8 10. h3 h5 11. Rd1 Bb4 12. Ne2 Be6 13. Nf4 Be7 14. Nxe6
fxe6 15. g3 a5 16. a4 b6 17. Kg2 Rd8 18. Bf4 Rd5 19. c4 Rxd1 20. Rxd1 c5 21. g4
hxg4 22. hxg4 Nh4+ 23. Nxh4 Rxh4 24. f3 Rh8 25. b3 g6 26. Kf2 Rh3 27. Kg2 Rh8
28. Rh1 Rxh1 29. Kxh1 Kf7 30. Kg2 Bd8 31. Be3 g5 32. f4 gxf4 33. Bxf4 Kg6 34.
Kf3 Bh4 35. Kg2 Be7 36. Kh3 Bd8 37. Bg3 Bg5 38. Bh4 Bf4 39. Bf6 Kf7 40. Kg2 Kg6
41. Kf3 Bg5 42. Bxg5 Kxg5 43. Kg3 Kg6 44. Kh4 Kh6 45. g5+ Kg6 46. Kg4 c6 47. Kh4
Kf5 48. Kh5 Kxe5 49. g6 Kd4 50. g7 1-0

[Event "Women's Speed Chess Main"]
[Site "chess.com INT"]
[Date "2021.07.02"]
[Round "3.12"]
[White "Lei, Tingjie"]
[Black "Hou, Yifan"]
[Result "0-1"]
[WhiteTitle "GM"]
[BlackTitle "GM"]
[WhiteElo "2505"]
[BlackElo "2658"]
[WhiteFideId "8605114"]
[BlackFideId "8602980"]
[EventDate "2021.06.12"]

1. e4 c5 2. Nf3 d6 3. d4 cxd4 4. Nxd4 Nf6 5. Nc3 a6 6. Be3 e6 7. a3 Nc6 8. Be2
Be7 9. Qd2 Qc7 10. f4 Nxd4 11. Bxd4 b5 12. Bf3 Bb7 13. O-O-O O-O 14. g4 Nd7 15.
Kb1 Bc6 16. Qe2 Rab8 17. Nd5 Bxd5 18. exd5 e5 19. fxe5 dxe5 20. Be3 Bc5 21. Bc1
b4 22. axb4 Bxb4 23. d6 Bxd6 24. Qd3 Rb6 25. Be3 Nc5 26. Qc4 Rfb8 27. b3 Rb4 28.
Qc3 Nxb3 29. Qxc7 Nd4+ 30. Kc1 Bxc7 31. Bxd4 exd4 32. Kd2 Bf4+ 33. Kd3 a5 34.
Ra1 Bc7 35. Bd5 Kf8 36. Rhf1 f6 37. g5 Be5 38. Rae1 Ke7 39. gxf6+ gxf6 40. Be4
h6 41. Rg1 Kd6 42. Rg7 Ra4 43. Bf5 Ra3+ 44. Ke4 Bxh2 45. Rd7+ Kc6 46. Kxd4 Be5+ 0-1

[Event "Women's Speed Chess Main"]
[Site "chess.com INT"]
[Date "2021.07.02"]
[Round "3.13"]
[White "Hou, Yifan"]
[Black "Lei, Tingjie"]
[Result "1/2-1/2"]
[WhiteTitle "GM"]
[BlackTitle "GM"]
[WhiteElo "2658"]
[BlackElo "2505"]
[WhiteFideId "8602980"]
[BlackFideId "8605114"]
[EventDate "2021.06.12"]

1. e4 e5 2. Nf3 Nc6 3. Bb5 Nf6 4. O-O Nxe4 5. d4 Nd6 6. Bxc6 dxc6 7. dxe5 Nf5 8.
Qxd8+ Kxd8 9. Nc3 Ke8 10. h3 h6 11. Rd1 Be6 12. g4 Ne7 13. Nd4 Bd7 14. Bf4 h5
15. f3 hxg4 16. hxg4 Nd5 17. Nxd5 cxd5 18. e6 fxe6 19. Bxc7 Rc8 20. Be5 Kf7 21.
Kg2 Be7 22. Re1 Bf6 23. c3 Rh7 24. Bf4 Rch8 25. Re3 Bxd4 26. cxd4 Rc8 27. Re2
Bb5 28. Rd2 a5 29. a4 Bd7 30. Re2 Rc4 31. b3 Rxd4 32. Bc7 Rd3 33. Rb1 d4 34.
Bxa5 Bc6 35. Rf2 Rh4 36. Kg3 g5 37. Bd2 Kg6 38. Re1 Kf6 39. b4 Rh8 40. b5 Bd5
41. a5 Rc8 42. Rh1 Rc2 43. Bxg5+ Kxg5 44. Rh5+ Kg6 45. Rxc2 Rxf3+ 46. Kh4 Rf1
47. Rxd5 exd5 48. Ra2 d3 49. a6 bxa6 50. bxa6 d2 51. Rxd2 Rh1+ 52. Kg3 Ra1 53.
Rxd5 Rxa6 54. Kh4 Rb6 55. Rg5+ Kh6 56. Rh5+ Kg6 57. Rc5 Ra6 1/2-1/2

[Event "Women's Speed Chess Main"]
[Site "chess.com INT"]
[Date "2021.07.02"]
[Round "3.14"]
[White "Lei, Tingjie"]
[Black "Hou, Yifan"]
[Result "1-0"]
[WhiteTitle "GM"]
[BlackTitle "GM"]
[WhiteElo "2505"]
[BlackElo "2658"]
[WhiteFideId "8605114"]
[BlackFideId "8602980"]
[EventDate "2021.06.12"]

1. d4 Nf6 2. c4 e6 3. g3 d5 4. Bg2 Be7 5. Nf3 O-O 6. O-O dxc4 7. Qc2 a6 8. a4
Bd7 9. Rd1 Bc6 10. Bg5 a5 11. Nc3 Na6 12. e4 Nb4 13. Qe2 b6 14. Ne5 Bb7 15. Nxc4
h6 16. Be3 Qd7 17. Ne5 Qc8 18. Rac1 Ba6 19. Nb5 Nd7 20. Nd3 Nxd3 21. Qxd3 c5 22.
Qb3 Rd8 23. Bf4 Bxb5 24. axb5 Ra7 25. d5 exd5 26. exd5 c4 27. Rxc4 Nc5 28. Qc2
Bd6 29. Re1 Bxf4 30. Rxf4 Qd7 31. Qe2 Qd6 32. h4 Kf8 33. Qf3 Re8 34. Rxe8+ Kxe8
35. Qg4 g6 36. Qc8+ Ke7 37. Qg8 f5 38. Qg7+ 1-0

[Event "Women's Speed Chess Main"]
[Site "chess.com INT"]
[Date "2021.07.02"]
[Round "3.15"]
[White "Hou, Yifan"]
[Black "Lei, Tingjie"]
[Result "1-0"]
[WhiteTitle "GM"]
[BlackTitle "GM"]
[WhiteElo "2658"]
[BlackElo "2505"]
[WhiteFideId "8602980"]
[BlackFideId "8605114"]
[EventDate "2021.06.12"]

1. e4 e5 2. Nf3 Nc6 3. Bb5 Nf6 4. O-O Nxe4 5. d4 Nd6 6. Bxc6 dxc6 7. dxe5 Nf5 8.
Qxd8+ Kxd8 9. Nc3 Ke8 10. h3 h5 11. Rd1 Be7 12. Ne2 Nh4 13. Nxh4 Bxh4 14. Be3
Be7 15. Rd2 g5 16. Rad1 g4 17. hxg4 hxg4 18. Nd4 a6 19. e6 fxe6 20. Bf4 Bd6 21.
Nb3 Be7 22. Bxc7 Rh5 23. c4 b5 24. Na5 bxc4 25. Nxc4 Ra7 26. Rd8+ Bxd8 27. Rxd8+
Ke7 28. Rxc8 Rb7 29. Bb6 Kf6 30. Rf8+ Kg7 31. Rf4 Rg5 32. Bd4+ Kg8 33. Bf6 Rf5
34. Rxg4+ Kf7 35. Bc3 1-0

[Event "Women's Speed Chess Main"]
[Site "chess.com INT"]
[Date "2021.07.02"]
[Round "3.16"]
[White "Lei, Tingjie"]
[Black "Hou, Yifan"]
[Result "1-0"]
[WhiteTitle "GM"]
[BlackTitle "GM"]
[WhiteElo "2505"]
[BlackElo "2658"]
[WhiteFideId "8605114"]
[BlackFideId "8602980"]
[EventDate "2021.06.12"]

1. e4 c5 2. Nf3 d6 3. d4 cxd4 4. Nxd4 Nf6 5. Nc3 a6 6. Be3 e6 7. a3 Nc6 8. Qd2
Qc7 9. Be2 Be7 10. O-O-O Nxd4 11. Qxd4 b5 12. g4 O-O 13. g5 Nd7 14. h4 Ne5 15.
h5 Bd7 16. h6 f6 17. hxg7 Rf7 18. gxf6 Bxf6 19. Qxd6 Qxd6 20. Rxd6 Bxg7 21. Rhd1
Bf8 22. Rg1+ Rg7 23. Rdd1 Bc6 24. f4 Nc4 25. Bd4 Rxg1 26. Rxg1+ Kf7 27. f5 Bh6+
28. Kb1 exf5 29. exf5 Rd8 30. Bh5+ Ke7 31. Re1+ Kd6 32. Bf2 Kc7 33. Bg3+ Kc8 34.
f6 Bd2 35. Bg4+ Bd7 36. Bxd7+ Kxd7 37. Re7+ Kc6 38. Ne4 h5 39. f7 Rf8 40. Nf6 1-0

[Event "Women's Speed Chess Main"]
[Site "chess.com INT"]
[Date "2021.07.02"]
[Round "3.17"]
[White "Hou, Yifan"]
[Black "Lei, Tingjie"]
[Result "1-0"]
[WhiteTitle "GM"]
[BlackTitle "GM"]
[WhiteElo "2658"]
[BlackElo "2505"]
[WhiteFideId "8602980"]
[BlackFideId "8605114"]
[EventDate "2021.06.12"]

1. e4 e5 2. Nf3 Nc6 3. Bb5 Nf6 4. O-O Nxe4 5. d4 Nd6 6. Bxc6 dxc6 7. dxe5 Nf5 8.
Qxd8+ Kxd8 9. Nc3 Ke8 10. h3 h5 11. Rd1 Be7 12. Ne2 Nh4 13. Nxh4 Bxh4 14. Be3
Be7 15. Rd2 g5 16. Rad1 g4 17. hxg4 hxg4 18. Bf4 Be6 19. Nd4 Bd5 20. b3 Bb4 21.
Re2 Rd8 22. Nf5 b5 23. c4 bxc4 24. bxc4 Bxc4 25. Rxd8+ Kxd8 26. Re4 Bd3 27. Rd4+
Kc8 28. Rxd3 c5 29. Ne3 1-0

[Event "Women's Speed Chess Main"]
[Site "chess.com INT"]
[Date "2021.07.02"]
[Round "3.21"]
[White "Lei, Tingjie"]
[Black "Hou, Yifan"]
[Result "0-1"]
[WhiteTitle "GM"]
[BlackTitle "GM"]
[WhiteElo "2505"]
[BlackElo "2658"]
[WhiteFideId "8605114"]
[BlackFideId "8602980"]
[EventDate "2021.06.12"]

1. e4 c5 2. Nf3 d6 3. d4 cxd4 4. Nxd4 Nf6 5. Nc3 a6 6. Be3 e6 7. a3 b5 8. g4 Bb7
9. Bg2 Qc7 10. g5 Nfd7 11. f4 Nc6 12. Qd2 Nb6 13. b3 Nxd4 14. Bxd4 Rc8 15. O-O-O
Nd7 16. Kb2 e5 17. Be3 d5 18. exd5 Qxc3+ 19. Qxc3 Bxa3+ 20. Kxa3 Rxc3 21. Rhe1
Rxc2 22. Bh3 Rxh2 23. Bf5 g6 24. Bxd7+ Kxd7 25. fxe5 Rc8 26. e6+ fxe6 27. dxe6+
Ke8 28. e7 a5 29. Bb6 b4+ 30. Ka4 Ra2+ 31. Kb5 Bc6+ 32. Ka6 Ra8+ 33. Ba7 a4 34.
Kb6 axb3 35. Kxc6 R2xa7 36. Rb1 Rxe7 37. Rxe7+ Kxe7 38. Rxb3 Ra5 39. Rh3 Ke6 40.
Rxh7 Rxg5 41. Rb7 Rg4 0-1

[Event "Women's Speed Chess Main"]
[Site "chess.com INT"]
[Date "2021.07.02"]
[Round "3.22"]
[White "Hou, Yifan"]
[Black "Lei, Tingjie"]
[Result "1-0"]
[WhiteTitle "GM"]
[BlackTitle "GM"]
[WhiteElo "2658"]
[BlackElo "2505"]
[WhiteFideId "8602980"]
[BlackFideId "8605114"]
[EventDate "2021.06.12"]

1. e4 e5 2. Nf3 Nc6 3. Bb5 Nf6 4. O-O Nxe4 5. d4 Nd6 6. Bxc6 dxc6 7. dxe5 Nf5 8.
Qxd8+ Kxd8 9. Nc3 Ke8 10. h3 h5 11. Rd1 Be7 12. Ne2 Nh4 13. Nxh4 Bxh4 14. Be3
Be7 15. Rd2 h4 16. Rad1 Rh5 17. Bd4 g5 18. f3 Be6 19. b3 a5 20. Be3 Rd8 21.
Rxd8+ Bxd8 22. Nd4 Bd7 23. a4 Be7 24. Kf2 Bb4 25. Ne2 Rh8 26. Bxg5 Rg8 27. Bxh4
Bc5+ 28. Kf1 1-0

[Event "Women's Speed Chess Main"]
[Site "chess.com INT"]
[Date "2021.07.02"]
[Round "3.23"]
[White "Lei, Tingjie"]
[Black "Hou, Yifan"]
[Result "1-0"]
[WhiteTitle "GM"]
[BlackTitle "GM"]
[WhiteElo "2505"]
[BlackElo "2658"]
[WhiteFideId "8605114"]
[BlackFideId "8602980"]
[EventDate "2021.06.12"]

1. e4 c5 2. Nf3 d6 3. d4 cxd4 4. Nxd4 Nf6 5. Nc3 a6 6. Be3 e6 7. a3 b5 8. g4 Bb7
9. Bg2 Nfd7 10. g5 Qc7 11. f4 Nb6 12. Qe2 Nc4 13. Bc1 Nd7 14. h4 Rc8 15. Rh3 Qb6
16. Nf3 Be7 17. h5 h6 18. gxh6 gxh6 19. Nd1 Rg8 20. b3 Bxe4 21. bxc4 Rxc4 22.
Ne3 Rc8 23. Bf1 Bf6 24. Rb1 Qa5+ 25. Bd2 Qxa3 26. f5 Qa2 27. Rd1 Bxf3 28. Qxf3
Qa4 29. fxe6 fxe6 30. Bd3 Ke7 31. Ke2 Rc7 32. Rf1 Rf8 33. Qg4 Ne5 34. Qxa4 bxa4
35. Bb4 Nxd3 36. Kxd3 Rb8 37. Bxd6+ Kxd6 38. Rxf6 Rb4 39. Rh1 a3 40. Ra1 Ra4 41.
Ra2 Rb7 42. Rf1 Kc5 43. Rfa1 Rd7+ 44. Ke2 Kb4 45. Rb1+ Kc5 46. Rb3 Rdd4 47.
Raxa3 Rxa3 48. Rxa3 Rh4 49. Rxa6 1-0